000 00737nam a2200205Ii 4500
003 JO-AjNU
008 230605s9999||||xx |||||||||||||| ||und||
040 _aJO-AjNU
_bara
_erda
_cJO-AjNU
041 _aara
050 1 4 _aDS36.88.2002
100 3 _aالنقيب، خلدون حسن؛ تحرير حسين، عبد الرحيم,
_eauthor
_945463
245 0 0 _aآراء في فقه التخلف: العرب والغرب في عصر العولمة
250 _aط1
264 3 1 _aبيروت: دار الساقي، 2002
300 _a463ص
_bفهارس من ص (452-463)
336 _atext
_btxt
_2rdacontent
337 _aunmediated
_bn
_2rdamedia
338 _avolume
_bnc
_2rdacarrier
650 4 _aعالم عربي- حضارة
_945464
999 _aA19710
_c23278
_d23278